<?xml version="1.0" encoding="UTF-8"?>
<record
    xmlns:xsi="http://www.w3.org/2001/XMLSchema-instance"
    xsi:schemaLocation="http://www.loc.gov/MARC21/slim http://www.loc.gov/standards/marcxml/schema/MARC21slim.xsd"
    xmlns="http://www.loc.gov/MARC21/slim">

  <leader>00892nam a2200289   4500</leader>
  <controlfield tag="001">13561011</controlfield>
  <controlfield tag="005">20150513153307.0</controlfield>
  <controlfield tag="007">000</controlfield>
  <controlfield tag="008">000</controlfield>
  <datafield tag="010" ind1=" " ind2=" ">
    <subfield code="a">  2004105799</subfield>
  </datafield>
  <datafield tag="020" ind1=" " ind2=" ">
    <subfield code="a">053442323X</subfield>
  </datafield>
  <datafield tag="035" ind1=" " ind2=" ">
    <subfield code="a">(DLC)  2004105799</subfield>
  </datafield>
  <datafield tag="040" ind1=" " ind2=" ">
    <subfield code="a">UOEL</subfield>
    <subfield code="c">DLC</subfield>
    <subfield code="d">DLC</subfield>
  </datafield>
  <datafield tag="042" ind1=" " ind2=" ">
    <subfield code="a">pcc</subfield>
  </datafield>
  <datafield tag="050" ind1="0" ind2="0">
    <subfield code="a">QA162</subfield>
    <subfield code="b">.L36 2005</subfield>
  </datafield>
  <datafield tag="082" ind1="0" ind2="0">
    <subfield code="a">512/.02</subfield>
    <subfield code="2">22</subfield>
  </datafield>
  <datafield tag="100" ind1="1" ind2=" ">
    <subfield code="a">Lanski, Charles,</subfield>
    <subfield code="d">1943-</subfield>
  </datafield>
  <datafield tag="245" ind1="1" ind2="0">
    <subfield code="a">Concepts in abstract algebra /</subfield>
    <subfield code="c">Charles Lanski.</subfield>
  </datafield>
  <datafield tag="260" ind1=" " ind2=" ">
    <subfield code="a">Belmont, CA :</subfield>
    <subfield code="b">Thomson Brooks/Cole,</subfield>
    <subfield code="c">c2005.</subfield>
  </datafield>
  <datafield tag="300" ind1=" " ind2=" ">
    <subfield code="a">xiv, 545 p. :</subfield>
    <subfield code="b">ill. ;</subfield>
    <subfield code="c">25 cm.</subfield>
  </datafield>
  <datafield tag="440" ind1=" " ind2="4">
    <subfield code="a">The Brooks/Cole series in advanced mathematics</subfield>
  </datafield>
  <datafield tag="500" ind1=" " ind2=" ">
    <subfield code="a">Includes index.</subfield>
  </datafield>
  <datafield tag="650" ind1=" " ind2="0">
    <subfield code="a">Algebra, Abstract.</subfield>
    <subfield code="x">Mathematics</subfield>
  </datafield>
  <datafield tag="906" ind1=" " ind2=" ">
    <subfield code="a">7</subfield>
    <subfield code="b">cbc</subfield>
    <subfield code="c">orignew</subfield>
    <subfield code="d">2</subfield>
    <subfield code="e">epcn</subfield>
    <subfield code="f">20</subfield>
    <subfield code="g">y-gencatlg</subfield>
  </datafield>
  <datafield tag="942" ind1=" " ind2=" ">
    <subfield code="2">lcc</subfield>
    <subfield code="c">LL</subfield>
  </datafield>
  <datafield tag="999" ind1=" " ind2=" ">
    <subfield code="c">7433</subfield>
    <subfield code="d">7433</subfield>
  </datafield>
  <datafield tag="952" ind1=" " ind2=" ">
    <subfield code="0">0</subfield>
    <subfield code="1">0</subfield>
    <subfield code="2">lcc</subfield>
    <subfield code="4">0</subfield>
    <subfield code="7">0</subfield>
    <subfield code="a">TC</subfield>
    <subfield code="b">TC</subfield>
    <subfield code="c">GEN</subfield>
    <subfield code="d">2015-05-13</subfield>
    <subfield code="l">0</subfield>
    <subfield code="o">QA162 .L36 2005</subfield>
    <subfield code="p">20137220</subfield>
    <subfield code="r">2015-05-13 00:00:00</subfield>
    <subfield code="t">20137220</subfield>
    <subfield code="w">2015-05-13</subfield>
    <subfield code="y">LL</subfield>
  </datafield>
  <datafield tag="952" ind1=" " ind2=" ">
    <subfield code="0">0</subfield>
    <subfield code="1">0</subfield>
    <subfield code="2">lcc</subfield>
    <subfield code="4">0</subfield>
    <subfield code="7">0</subfield>
    <subfield code="a">UOE</subfield>
    <subfield code="b">UOE</subfield>
    <subfield code="c">GEN</subfield>
    <subfield code="d">2015-05-13</subfield>
    <subfield code="l">0</subfield>
    <subfield code="o">QA162 .L36 2005</subfield>
    <subfield code="p">20137223</subfield>
    <subfield code="r">2026-04-27 11:56:17</subfield>
    <subfield code="t">20137223</subfield>
    <subfield code="w">2015-05-13</subfield>
    <subfield code="y">LL</subfield>
  </datafield>
  <datafield tag="952" ind1=" " ind2=" ">
    <subfield code="0">0</subfield>
    <subfield code="1">0</subfield>
    <subfield code="2">lcc</subfield>
    <subfield code="4">0</subfield>
    <subfield code="7">0</subfield>
    <subfield code="a">TC</subfield>
    <subfield code="b">TC</subfield>
    <subfield code="c">GEN</subfield>
    <subfield code="d">2015-05-13</subfield>
    <subfield code="l">0</subfield>
    <subfield code="o">QA162 .L36 2005</subfield>
    <subfield code="p">20137219</subfield>
    <subfield code="r">2015-05-13 00:00:00</subfield>
    <subfield code="t">20137219</subfield>
    <subfield code="w">2015-05-13</subfield>
    <subfield code="y">LL</subfield>
  </datafield>
  <datafield tag="952" ind1=" " ind2=" ">
    <subfield code="0">0</subfield>
    <subfield code="1">0</subfield>
    <subfield code="2">lcc</subfield>
    <subfield code="4">0</subfield>
    <subfield code="7">0</subfield>
    <subfield code="a">UOE</subfield>
    <subfield code="b">UOE</subfield>
    <subfield code="c">GEN</subfield>
    <subfield code="d">2015-05-13</subfield>
    <subfield code="l">3</subfield>
    <subfield code="o">QA162 .L36 2005</subfield>
    <subfield code="p">20137222</subfield>
    <subfield code="r">2026-04-27 11:56:17</subfield>
    <subfield code="s">2023-03-02</subfield>
    <subfield code="t">20137222</subfield>
    <subfield code="w">2015-05-13</subfield>
    <subfield code="y">LL</subfield>
  </datafield>
  <datafield tag="952" ind1=" " ind2=" ">
    <subfield code="0">0</subfield>
    <subfield code="1">0</subfield>
    <subfield code="2">lcc</subfield>
    <subfield code="4">0</subfield>
    <subfield code="7">0</subfield>
    <subfield code="a">UOE</subfield>
    <subfield code="b">UOE</subfield>
    <subfield code="c">GEN</subfield>
    <subfield code="d">2015-05-13</subfield>
    <subfield code="l">2</subfield>
    <subfield code="o">QA162 .L36 2005</subfield>
    <subfield code="p">20137221</subfield>
    <subfield code="r">2026-04-27 11:56:16</subfield>
    <subfield code="s">2022-10-28</subfield>
    <subfield code="t">20137221</subfield>
    <subfield code="w">2015-05-13</subfield>
    <subfield code="y">LL</subfield>
  </datafield>
</record>
